000 00866nam a22002297a 4500
999 _c175580
_d175580
005 20200910110908.0
010 _aENG-128397
020 _c449.00
_a9789353944650
035 _aEN-111929
037 _bDBAD/PUB
082 _a000
100 _aMadan, KVS
245 _aNTA UGC NET/SET/JRF Teaching and Research Aptitude Paper 1/
_cby KVS Madan; edited by Ruchira Dash, Sharel Simon and Vipin Kumar
260 _aNoida
_bPearson
_c2020
270 _a15th floor,Tower-B,Word Trade Tower,Plot no.1,Block-C sec 16,
_bNoida
_e201301
_k04466540100
_mcompanysecretary.india@pearson.com
300 _axvi;Various pages.
_c25cm(pbk)
_bIllustrations
500 _aUGC NET
700 _aEditor Development- Ruchira Dash
700 _aEditor-Production- Vipin Kumar
700 _aSenior Editor- Acquisitions- Sharel Simon
942 _2ddc
_cEN
_h000
_mMAD